Новое дело. 1890, № 20 (20 мая) (Запись № 13049344)

Подробности
000 -МАРКЕР
контрольное поле 01136nam2a2200253 4500
001 - ИДЕНТИФИКАТОР ЗАПИСИ
контрольное поле RU\NLR\BIBL_A\016327234
005 - ИДЕНТИФИКАТОР ВЕРСИИ
контрольное поле 20250625042825.0
035 ## - ДРУГИЕ СИСТЕМНЫЕ НОМЕРА
Идентификатор записи (NLR Aleph) 016327234
100 ## - ДАННЫЕ ОБЩЕЙ ОБРАБОТКИ
Данные общей обработки 20230328j18900520|||y0rusy50 ca
101 0# - ЯЗЫК РЕСУРСА
Язык текста, звукозаписи и т.д. русский
102 ## - СТРАНА ПУБЛИКАЦИИ ИЛИ ПРОИЗВОДСТВА
Страна публикации российская федерация
135 ## - ПОЛЕ КОДИРОВАННЫХ ДАННЫХ: ЭЛЕКТРОННЫЕ РЕСУРСЫ
Кодированные данные для электронного ресурса crgn 008anaba
200 0# - ЗАГЛАВИЕ И СВЕДЕНИЯ ОБ ОТВЕТСТВЕННОСТИ
Основное заглавие 1890, № 20 (20 мая)
210 ## - ПУБЛИКАЦИЯ, РАСПРОСТРАНЕНИЕ И ДР.
Дата издания, распространения и т.д. 1890
Место издания, распространения и т.д. Б. м.
325 1# - ПРИМЕЧАНИЕ О КОПИИ
Текст примечания Копия доступна в электронной библиотеке РНБ
461 #0 - УРОВЕНЬ НАБОРА
Встроенное поле 001RU\NLR\DRGNLR\3138
-- 2001#$aНовое дело$v1890, № 20 (20 мая)
Системный номер (АБИС) связанной записи 10639429
Место публикации СПб
Дата публикации 1866 - 1903
Первые сведения об ответственности Ред.-изд. А.Н.Пешкова-Толиверова
Сведения, относящиеся к заглавию Еженед. газ., изд. при ежемес. журн. ["Новое дело"]
Заглавие Новое дело
Номер тома 1890, № 20 (20 мая)
852 ## - МЕСТОНАХОЖДЕНИЕ И ШИФР ХРАНЕНИЯ
Идентификатор организации NLR
Шифр хранения (Call Number) 1-П/1-25
901 ## - ДАННЫЕ ОБ ОБЪЕКТЕ ОЦИФРОВКИ
-- Газеты
942 ## - ДОПОЛНИТЕЛЬНЫЕ ЭЛЕМЕНТЫ ЗАПИСИ (АБИС)
Тип экземпляра АБИС Выпуск газеты
980 ## - КОЛЛЕКЦИЯ
Название коллекции Национальная библиография
981 27 - КОЛЛЕКЦИЯ ЭЛЕКТРОННОЙ БИБЛИОТЕКИ
Название коллекции Периодические издания
Название подколлекции Газеты

Нет доступных экземпляров.